00792nam a2200205 i 450000100060000000300090000600500170001500700030003200800410003510000290007624501330010526000500023830000350028849000260032370000320034983000340038185200320041599900170044795201220046464935ES-MaACL20230906165248.0t|040107s1970 sp ||||1| spa d1 aFournier, Hugo G.95198010aEnsayo histórico sobre los conocimientos magnetotelúricos / cpor Hugo G. Fournier ; traducción de Mercedes B. de O'neill. aTarragona : b[s.n., c1970] (fSugrañés) aXVI, 320 p. : bil. ; c25 cm.1 aObservatorio del Ebro1 aO'Neill, Mercedes B.9863550 aObservatorio del Ebro9230735 aES-MaACLjC-37800 bR.74916 c64935d64935 00104070aATENEOMbATENEOMcDEPO2d2008-01-17eSCl0oC-37800p1068038r2023-02-23 00:00:00w2023-02-23yMONOGRAFIA